| 000 | 00630nam a2200193Ia 4500 | ||
|---|---|---|---|
| 003 | GCL | ||
| 008 | 140319s9999 xx 000 0 eng d | ||
| 040 |
_aGCL / _cGCL |
||
| 082 | 0 | 4 |
_aREF _b720.953016 |
| 100 | 1 | _aCRESWELL,SIR K .A.C | |
| 245 | 1 | 0 |
_aA BIBLIOGRAPHY OF THE ARCHITECTURE, ARTS AND CRAFTS OF ISLAM : _bSUPPLEMENT JAN.1960 TO JAN.1972 / _cCRESWELL,SIR K .A.C |
| 260 |
_aالقاهرة : _bTHE AMERICAN UNIVERSITY IN CAIRO PRESS ، _c1973 |
||
| 300 |
_a366 ؛ _c34 cm. |
||
| 650 | 0 | 4 | _aISLAM - ARCHAEOLOGY |
| 650 | 0 | 4 | _aISLAM - ARCHETICTURE |
| 650 | 0 | 4 | _aBIBLIOGRAPHIES |
| 650 | 0 | 4 | _aART, ISLAMIC |
| 942 |
_2ddc _cBK |
||
| 999 |
_c25962 _d25962 |
||